Stati per Tasso di obesità - Statistics

Statistiche generali
  • Questo quiz è stato fatto 7 volte
  • Il punteggio medio è 11 su 15
Statistiche sulle risposte
Tasso di obesità (%) Continente Nazione % Corretto
41,9 America del Nord Stati Uniti
100%
55,3 Oceania Isole Marshall
83%
46,0 Oceania Kiribati
83%
61,0 Oceania Nauru
83%
47,3 Oceania Samoa
83%
45,8 Oceania Stati Federati di Micronesia
83%
48,2 Oceania Tonga
83%
32,1 Asia / Europa Turchia
83%
52,9 Oceania Tuvalu
83%
35,4 Asia Arabia Saudita
67%
37,9 Asia Kuwait
67%
55,9 Oceania Palau
67%
35,1 Asia Qatar
67%
35,5 Asia Giordania
50%
32,5 Asia Libia
0%
Nessun quiz corrispondente trovato
Distribuzione punteggi
Percentuale di utenti per punteggio
Percentile per numero di risposta
I tuoi punteggi nel tempo
Non hai fatto questo quiz